[Event "RUS-ch IPCA"]
[Site "Volgograd"]
[Date "2017.05.05"]
[Round "6"]
[White "Yakushev, Ivan"]
[Black "Tsapalin, Sergey"]
[Result "1/2-1/2"]
[WhiteElo "2079"]
[BlackElo "1972"]
[PlyCount "115"]
[EventDate "2017.04.30"]
[EventType "swiss"]
[EventRounds "9"]
[EventCountry "RUS"]
[SourceTitle "CBM 178 Extra"]
[Source "ChessBase"]
[SourceDate "2017.06.22"]
[SourceVersion "1"]
[SourceVersionDate "2017.06.22"]
[SourceQuality "1"]

1. d4 c5 2. Nf3 cxd4 3. Nxd4 Nf6 4. c4 e5 5. Nb5 d5 6. cxd5 Bc5 7. e3 a6 8. N5c3 0-0 9. Be2 e4 10. Qc2 Qe7 11. Nd2 Bf5 12. Nb3 Bd6 13. Bd2 Nbd7 14. Nd4 Bg6 15. Qb3 Nc5 16. Qd1 Rfe8 17. a3 Rac8 18. b4 Ncd7 19. Rc1 Ne5 20. h3 Bb8 21. Qb3 Ba7 22. 0-0 Bb8 23. g3 h5 24. Kg2 h4 25. g4 Qd6 26. Rh1 Rcd8 27. b5 Ba7 28. a4 Bxd4 29. exd4 Nd3 30. Bxd3 exd3 31. Rhe1 Ne4 32. Nxe4 Bxe4+ 33. Kg1 Qf6 34. Re3 Bg6 35. Rce1 Rxe3 36. Rxe3 Qxd4 37. bxa6 bxa6 38. a5 Qxd5 39. Qxd5 Rxd5 40. f4 f6 41. Re6 Rb5 42. Kf2 Rb1 43. Re3 Rd1 44. Bc3 Bf7 45. Re1 Rxe1 46. Bxe1 Kh7 47. Ke3 g5 48. fxg5 fxg5 49. Kxd3 Bd5 50. Ke3 Bg2 51. Bd2 Kg6 52. Kf2 Bxh3 53. Kf3 Bf1 54. Bc1 Bd3 55. Kg2 Kf6 56. Bb2+ Ke6 57. Bc1 Kf6 58. Bb2+ 1/2-1/2

[Event "RUS-ch IPCA"]
[Site "Volgograd"]
[Date "2017.05.04"]
[Round "5"]
[White "Yakushev, Ivan"]
[Black "Mukhin, Alexey A"]
[Result "1/2-1/2"]
[WhiteElo "2079"]
[BlackElo "1880"]
[PlyCount "104"]
[EventDate "2017.04.30"]
[EventType "swiss"]
[EventRounds "9"]
[EventCountry "RUS"]
[SourceTitle "CBM 178 Extra"]
[Source "ChessBase"]
[SourceDate "2017.06.22"]
[SourceVersion "1"]
[SourceVersionDate "2017.06.22"]
[SourceQuality "1"]

1. d4 d5 2. c4 c6 3. Nc3 Nf6 4. Nf3 e6 5. Bg5 Be7 6. e3 0-0 7. Bd3 Nbd7 8. 0-0 Re8 9. Qc2 dxc4 10. Bxc4 Nd5 11. Bxe7 Qxe7 12. a3 Nxc3 13. Qxc3 c5 14. Bb5 cxd4 15. Nxd4 a6 16. Be2 Nf6 17. Rac1 Bd7 18. Qa5 e5 19. Nf3 Bc6 20. Rfd1 Rac8 21. b4 h6 22. Ne1 Red8 23. h3 Ne4 24. Nf3 Rxd1+ 25. Bxd1 Re8 26. Be2 Ng5 27. Nd2 Rd8 28. Nf1 Ne4 29. Bf3 Qh4 30. Bxe4 Bxe4 31. Qxe5 Bc6 32. Qf4 Qe7 33. Qf5 Rd5 34. Qf4 Qd7 35. Ng3 Rd2 36. Qf5 Qe7 37. e4 Rd3 38. Rc5 Rxa3 39. Qc8+ Kh7 40. Qf5+ Kg8 41. Qg4 Bd7 42. Nf5 Bxf5 43. Qxf5 Rd3 44. Qf4 Rd1+ 45. Kh2 Rd4 46. f3 Rxb4 47. Rc8+ Kh7 48. Qf5+ g6 49. Qd5 Rb5 50. Qd3 Qe5+ 51. Kg1 Qa1+ 52. Kh2 Qe5+ 1/2-1/2

[Event "RUS-ch IPCA"]
[Site "Volgograd"]
[Date "2017.05.03"]
[Round "4"]
[White "Shchukina, Ekaterina"]
[Black "Yakushev, Ivan"]
[Result "0-1"]
[WhiteElo "1590"]
[BlackElo "2079"]
[PlyCount "122"]
[EventDate "2017.04.30"]
[EventType "swiss"]
[EventRounds "9"]
[EventCountry "RUS"]
[SourceTitle "CBM 178 Extra"]
[Source "ChessBase"]
[SourceDate "2017.06.22"]
[SourceVersion "1"]
[SourceVersionDate "2017.06.22"]
[SourceQuality "1"]

1. e4 c5 2. Nf3 a6 3. Nc3 Nc6 4. d4 cxd4 5. Nxd4 Qc7 6. Be2 e6 7. 0-0 Nf6 8. a3 Be7 9. Kh1 b5 10. f4 0-0 11. e5 Ne8 12. Nxc6 dxc6 13. Be3 Bb7 14. Bd3 g6 15. Qg4 c5 16. Qg3 c4 17. Be4 Bxe4 18. Nxe4 Qc6 19. Qf3 Rc8 20. Rad1 Qc7 21. Rd4 Rd8 22. Rxd8 Qxd8 23. Rd1 Qc7 24. c3 Kh8 25. Rd2 Ng7 26. Qd1 Rd8 27. Rxd8+ Qxd8 28. Qxd8+ Bxd8 29. g4 Ne8 30. Bc5 Kg7 31. g5 Kg8 32. Kg2 Ng7 33. Nd6 Nf5 34. Nxf5 gxf5 35. Kf3 Kg7 36. h4 Kg6 37. Kg3 h6 38. Be3 Bc7 39. Bc5 Kh5 40. Be3 Bd8 41. Bc5 Kg6 42. Be3 Be7 43. Bb6 Kg7 44. Kh3 h5 45. Kg3 Kf8 46. Kf3 Ke8 47. Ke3 Kd7 48. Kd4 Kc6 49. Ba7 Bf8 50. Ke3 Kd5 51. Bd4 a5 52. Bb6 b4 53. Bxa5 bxa3 54. bxa3 Bxa3 55. Bb4 Bc1+ 56. Kf3 Bd2 57. Ba5 Be1 58. Bb4 Bxh4 59. Ba5 Be1 60. Bb4 h4 61. Ke2 h3 0-1

[Event "RUS IPCA-ch"]
[Site "Nalchik"]
[Date "2016.05.06"]
[Round "7"]
[White "Kolomytchenko, Igor Aleksandrovich"]
[Black "Yakushev, Ivan"]
[Result "1-0"]
[WhiteElo "2009"]
[BlackElo "2080"]
[PlyCount "89"]
[EventDate "2016.04.30"]
[EventType "swiss"]
[EventRounds "9"]
[EventCountry "RUS"]
[SourceTitle "CBM 172 Extra"]
[Source "ChessBase"]
[SourceDate "2016.06.21"]
[SourceVersion "1"]
[SourceVersionDate "2016.06.21"]
[SourceQuality "1"]

1. e4 c5 2. Nf3 a6 3. d4 cxd4 4. Nxd4 Nf6 5. Nc3 e5 6. Nf3 Nc6 7. a3 Bc5 8. Bc4 h6 9. 0-0 d6 10. h3 Qe7 11. Qd3 Be6 12. Nd5 Bxd5 13. Bxd5 Nxd5 14. Qxd5 0-0 15. Be3 Bxe3 16. fxe3 Rad8 17. Rad1 g6 18. Nd2 Kg7 19. Rf3 Qc7 20. Rdf1 f6 21. c4 Qc8 22. Qd3 h5 23. R1f2 Ne7 24. Nb1 f5 25. Nc3 Kh6 26. Nd5 Nxd5 27. Qxd5 Rf6 28. g4 f4 29. g5+ Kxg5 30. exf4+ Kh6 31. f5 g5 32. Qd2 h4 33. b3 Qc5 34. a4 Rg8 35. Kh2 b5 36. cxb5 axb5 37. Rg2 bxa4 38. bxa4 Qc4 39. Rg4 Kh5 40. Rf2 Qxa4 41. Qe2 Kh6 42. Rfg2 Rg7 43. Qe1 Kh7 44. Rxg5 Rxg5 45. Qxh4+ 1-0

[Event "RUS IPCA-ch"]
[Site "Nalchik"]
[Date "2016.05.01"]
[Round "2"]
[White "Yakushev, Ivan"]
[Black "Zasukhin, Aleksander"]
[Result "1/2-1/2"]
[WhiteElo "2080"]
[BlackElo "2283"]
[PlyCount "60"]
[EventDate "2016.04.30"]
[EventType "swiss"]
[EventRounds "9"]
[EventCountry "RUS"]
[SourceTitle "CBM 172 Extra"]
[Source "ChessBase"]
[SourceDate "2016.06.21"]
[SourceVersion "1"]
[SourceVersionDate "2016.06.21"]
[SourceQuality "1"]

1. e4 c5 2. Nf3 e6 3. c3 Nc6 4. d4 d5 5. exd5 exd5 6. Be2 Nf6 7. 0-0 Bd6 8. Bg5 Be6 9. dxc5 Bxc5 10. Nbd2 0-0 11. Nb3 Be7 12. Bxf6 Bxf6 13. Nbd4 Qb6 14. Qd2 Bd7 15. Bd3 g6 16. Nxc6 bxc6 17. b4 a5 18. a3 axb4 19. axb4 c5 20. Rab1 Rfd8 21. h3 cxb4 22. cxb4 Bb5 23. Rfc1 Rac8 24. Rxc8 Rxc8 25. Bxb5 Qxb5 26. Rd1 Rc4 27. Qxd5 Qxd5 28. Rxd5 Rxb4 29. g3 h5 30. Kg2 Kf8 1/2-1/2

[Event "RUS IPCA-ch"]
[Site "Nalchik"]
[Date "2014.05.08"]
[Round "8"]
[White "Yakushev, Ivan"]
[Black "Nikitenko, Sergey"]
[Result "1-0"]
[WhiteElo "2038"]
[BlackElo "1908"]
[PlyCount "50"]
[EventDate "2014.05.01"]
[EventType "swiss"]
[EventRounds "9"]
[EventCountry "RUS"]
[SourceTitle "CBM 160 Extra"]
[Source "ChessBase"]
[SourceDate "2014.07.01"]
[SourceVersion "1"]
[SourceVersionDate "2014.07.01"]
[SourceQuality "1"]

1. d4 Nf6 2. Nf3 e6 3. Bf4 b6 4. e3 Bb7 5. Be2 d6 6. 0-0 Be7 7. c4 0-0 8. Nc3 Nbd7 9. Qc2 Nh5 10. Bg3 Nxg3 11. hxg3 a6 12. Rfd1 c6 13. a4 d5 14. b3 Rc8 15. Qb2 f5 16. b4 Bf6 17. c5 Rb8 18. Qc2 b5 19. axb5 axb5 20. Ra7 Qc7 21. Bxb5 Nxc5 22. bxc5 cxb5 23. Nxb5 Qc6 24. Nd6 Ba6 25. Ra1 Bb5 1-0

[Event "RUS IPCA-ch"]
[Site "Nalchik"]
[Date "2014.05.03"]
[Round "3"]
[White "Lozhkin, Yury"]
[Black "Yakushev, Ivan"]
[Result "1/2-1/2"]
[WhiteElo "2085"]
[BlackElo "2038"]
[PlyCount "81"]
[EventDate "2014.05.01"]
[EventType "swiss"]
[EventRounds "9"]
[EventCountry "RUS"]
[SourceTitle "CBM 160 Extra"]
[Source "ChessBase"]
[SourceDate "2014.07.01"]
[SourceVersion "1"]
[SourceVersionDate "2014.07.01"]
[SourceQuality "1"]

1. d4 Nf6 2. c4 c5 3. e3 e6 4. Nf3 Be7 5. Nc3 0-0 6. Bd3 d6 7. 0-0 Nc6 8. Re1 Re8 9. b3 Bf8 10. h3 h6 11. Bb2 b6 12. Ne2 Bb7 13. Ng3 e5 14. d5 Nb8 15. e4 Bc8 16. Bc1 Nh7 17. Bd2 a5 18. a3 Re7 19. Nh2 Rb7 20. a4 Na6 21. Be2 Nb4 22. Rf1 Qh4 23. Nf3 Qe7 24. Qc1 Bd7 25. Rb1 Re8 26. Rb2 Qd8 27. Nh2 Qh4 28. Qc3 g6 29. Bg4 h5 30. Bxd7 Rxd7 31. Nf3 Qd8 32. Be3 Bg7 33. Qd2 Rf8 34. Ng5 Nxg5 35. Bxg5 f6 36. Be3 h4 37. Ne2 f5 38. Bg5 Bf6 39. Bxf6 Qxf6 40. Nc3 f4 41. f3 1/2-1/2

[Event "Moscow op-E"]
[Site "Moscow"]
[Date "2011.02.04"]
[Round "7.168"]
[White "Kuprijanov, Anatoly"]
[Black "Yakushev, Ivan"]
[Result "1-0"]
[WhiteElo "2069"]
[BlackElo "2001"]
[PlyCount "81"]
[EventDate "2011.01.29"]
[EventType "swiss"]
[EventRounds "9"]
[EventCountry "RUS"]
[SourceTitle "EXT 2022"]
[Source "ChessBase"]
[SourceDate "2021.10.06"]
[SourceVersion "1"]
[SourceVersionDate "2021.10.06"]
[SourceQuality "1"]

1. e4 c5 2. Nf3 a6 3. c3 d5 4. exd5 Qxd5 5. d4 Nf6 6. Be3 cxd4 7. cxd4 e6 8. Nc3 Qd6 9. Be2 Be7 10. 0-0 0-0 11. Ne5 Nc6 12. Bf4 Qb4 13. Nc4 Nd5 14. Nxd5 exd5 15. a3 Qb5 16. a4 Qb4 17. Bd2 dxc4 18. Bxb4 Bxb4 19. Bxc4 Bd6 20. Re1 Bf5 21. Bd3 Bxd3 22. Qxd3 Rad8 23. d5 Nb4 24. Qb3 a5 25. g3 b6 26. Kg2 g6 27. Rad1 Rc8 28. Rc1 Rcd8 29. h4 h5 30. Qf3 Bc5 31. Rcd1 Rd6 32. Re5 Kg7 33. Qe4 Rfd8 34. Re8 R8d7 35. Rb8 Rf6 36. Qe8 Rxf2+ 37. Kh3 g5 38. Qh8+ Kg6 39. Rg8+ Kf5 40. Rxg5+ Ke4 41. Qe5+ 1-0

[Event "Moscow op-E"]
[Site "Moscow"]
[Date "2011.02.02"]
[Round "5.110"]
[White "Manukyan, Sargis V"]
[Black "Yakushev, Ivan"]
[Result "1-0"]
[WhiteElo "2228"]
[BlackElo "2001"]
[PlyCount "59"]
[EventDate "2011.01.29"]
[EventType "swiss"]
[EventRounds "9"]
[EventCountry "RUS"]
[SourceTitle "EXT 2022"]
[Source "ChessBase"]
[SourceDate "2021.10.06"]
[SourceVersion "1"]
[SourceVersionDate "2021.10.06"]
[SourceQuality "1"]

1. d4 Nf6 2. Nf3 c5 3. d5 d6 4. c4 g6 5. Nc3 Bg7 6. Bf4 0-0 7. h3 Qa5 8. Nd2 a6 9. a4 Nbd7 10. Ra3 Re8 11. e3 Nf8 12. Be2 Bd7 13. 0-0 Rad8 14. Nb3 Qc7 15. a5 h6 16. Nd2 g5 17. Bh2 Ng6 18. Qc2 Qc8 19. Na4 Bxa4 20. Rxa4 e6 21. dxe6 Qxe6 22. Ra3 Nh4 23. Nf3 Ng6 24. Rb3 Re7 25. Nd2 d5 26. cxd5 Qxd5 27. Rd3 Qxd3 28. Bxd3 Red7 29. Bxg6 Rxd2 30. Qc4 1-0